[Event "EU-ch Online U14"]
[Site "Tornelo INT"]
[Date "2020.09.18"]
[Round "1"]
[White "Djurovic, Peko"]
[Black "Alcon Llosada, Jaume"]
[Result "1-0"]
[WhiteElo "1938"]
[BlackElo "1456"]
[PlyCount "67"]
[EventDate "2020.09.18"]
[EventType "swiss (rapid)"]
[EventRounds "9"]
[EventCountry "NET"]
[SourceTitle "EXT 2023"]
[Source "ChessBase"]
[SourceDate "2022.10.05"]
[SourceVersion "1"]
[SourceVersionDate "2022.10.05"]
[SourceQuality "1"]
[WhiteTeam "Montenegro"]
[BlackTeam "Andorra"]
[WhiteTeamCountry "MNE"]
[BlackTeamCountry "AND"]

1. e4 c6 2. d4 d5 3. e5 Bf5 4. h4 h5 5. c4 e6 6. Nc3 Nd7 7. Bd3 Bxd3 8. Qxd3 Ne7 9. Nf3 Nf5 10. Bg5 Be7 11. cxd5 cxd5 12. Nxd5 Bxg5 13. hxg5 Nxe5 14. dxe5 Qxd5 15. Qxd5 exd5 16. g4 Ne7 17. gxh5 Rc8 18. Kd2 0-0 19. h6 g6 20. Rac1 Rc4 21. b3 Rc6 22. Nd4 Ra6 23. a4 Nc6 24. Nxc6 Rxc6 25. Rxc6 bxc6 26. Rc1 Rb8 27. Rxc6 Rxb3 28. Rc8+ Kh7 29. Rc7 Rf3 30. e6 Rxf2+ 31. Ke3 Rf5 32. Rxf7+ Kg8 33. Rxf5 gxf5 34. g6 1-0

[Event "Platja d'Aro op-B 7th"]
[Site "Platja d'Aro"]
[Date "2019.07.01"]
[Round "9"]
[White "Alcon Llosada, Jaume"]
[Black "Garcia Martinez, Josep"]
[Result "0-1"]
[WhiteElo "1588"]
[BlackElo "2061"]
[PlyCount "64"]
[EventDate "2019.06.24"]
[EventType "swiss"]
[EventRounds "9"]
[EventCountry "ESP"]
[SourceTitle "CBM 191 Extra"]
[Source "ChessBase"]
[SourceDate "2019.09.30"]
[SourceVersion "1"]
[SourceVersionDate "2019.09.30"]
[SourceQuality "1"]

1. e4 e5 2. Bc4 Nc6 3. Nf3 Bc5 4. a4 Nf6 5. d3 h6 6. 0-0 d6 7. c3 Bb6 8. h3 Be6 9. Na3 Qd7 10. Re1 0-0-0 11. d4 exd4 12. cxd4 d5 13. exd5 Nxd5 14. Ne5 Nxe5 15. Rxe5 c6 16. Be3 Bc7 17. Re4 f5 18. Bxd5 Qxd5 19. Rf4 Bxf4 20. Bxf4 Qxd4 21. Qc1 Bb3 22. Nb5 Qd1+ 23. Qxd1 Rxd1+ 24. Rxd1 Bxd1 25. Nd6+ Kd7 26. Nxb7 Ke6 27. a5 Kd5 28. b4 a6 29. Nd6 g5 30. Bh2 f4 31. Nf7 Rh7 32. Nd8 Rd7 0-1